The Missionaries (Record no. 119293)
[ view plain ]
| 000 -LEADER | |
|---|---|
| fixed length control field | 00416nam a22001457a 4500 |
| 008 - FIXED-LENGTH DATA ELEMENTS--GENERAL INFORMATION | |
| fixed length control field | 131216b xxu||||| |||| 00| 0 eng d |
| 020 ## - INTERNATIONAL STANDARD BOOK NUMBER | |
| International Standard Book Number | 413282708 |
| 050 ## - LIBRARY OF CONGRESS CALL NUMBER | |
| Classification number | SPC BV3500.M59 |
| 100 ## - MAIN ENTRY--PERSONAL NAME | |
| Personal name | Moorhouse, Geoffrey |
| 9 (RLIN) | 5801 |
| 245 ## - TITLE STATEMENT | |
| Title | The Missionaries |
| 260 ## - PUBLICATION, DISTRIBUTION, ETC. (IMPRINT) | |
| Place of publication, distribution, etc | London |
| Name of publisher, distributor, etc | Eyre Methuen |
| Date of publication, distribution, etc | 1973 |
| 300 ## - PHYSICAL DESCRIPTION | |
| Extent | 368p. |
| Dimensions | 23cm |
| 650 ## - SUBJECT ADDED ENTRY--TOPICAL TERM | |
| Topical term or geographic name as entry element | Missions - Africa; Protestant Churches - Missions |
| 9 (RLIN) | 5802 |
| 942 ## - ADDED ENTRY ELEMENTS (KOHA) | |
| Source of classification or shelving scheme | Library of Congress Classification |
| Item type | Monograph ( Printed materials) |
| Withdrawn status | Lost status | Source of classification or shelving scheme | Damaged status | Not for loan | Collection code | Home library | Current library | Shelving location | Date acquired | Total Checkouts | Full call number | Barcode | Date last seen | Price effective from | Koha item type |
|---|---|---|---|---|---|---|---|---|---|---|---|---|---|---|---|
| Library of Congress Classification | SPECIAL Collection | ARRUPE LIBRARY | ARRUPE LIBRARY | REFERENCE | 16/12/2013 | SPC. BV3500.M59 | 464122665 | 16/12/2013 | 16/12/2013 | SPC | |||||
| Library of Congress Classification | Main Collection | ARRUPE LIBRARY | ARRUPE LIBRARY | Main Collection | 08/10/2020 | BV3500.M59 | 46600008378 | 08/10/2020 | 08/10/2020 | Monograph ( Printed materials) |